| 000 | 01296nam a22003615a 4500 | ||
|---|---|---|---|
| 001 | 177983 | ||
| 003 | ARRUPE | ||
| 005 | 20140515114740.0 | ||
| 008 | 980924s1997 enkbcf 001 0aeng d | ||
| 010 | _a 98201575 | ||
| 015 | _aGB97-23847 | ||
| 020 | _a0333689089 (cased) | ||
| 020 | _a0333642341 (pbk) | ||
| 035 | _a(OCoLC)36990748 | ||
| 040 |
_aUKM _cUKM _dPRC _dDLC |
||
| 042 | _alccopycat | ||
| 050 | 0 | 0 | _aACQUISITION IN PROCESS (COPIED) (lccopycat) |
| 051 | _aout of print | ||
| 100 | 1 |
_aMuseveni, Yoweri, _d1944- _910180 |
|
| 245 | 1 | 0 |
_aSowing the mustard seed : _bthe struggle for freedom and democracy in Uganda / _cYoweri Kaguta Museveni ; edited by Elizabeth Kanyogonya and Kevin Shillington. |
| 260 |
_aLondon : _bMacmillan, _c1997. |
||
| 300 |
_axiv, 224 p., [8] p. of plates : _bmaps, ports. ; _c25 cm. |
||
| 500 | _aIncludes index. | ||
| 600 | 1 | 4 |
_aMuseveni, Yoweri, _d1944- _910181 |
| 650 | 0 |
_aPresidents _zUganda _xBiography. _910182 |
|
| 651 | 0 |
_aUganda _xPolitics and government _y1971-1979. _910183 |
|
| 651 | 0 |
_aUganda _xPolitics and government _y1979- _910184 |
|
| 700 | 1 |
_aKanyogonya, Elizabeth. _910185 |
|
| 700 | 1 |
_aShillington, Kevin. _910186 |
|
| 906 |
_a0 _bibc _ccopycat _d1 _encip _f19 _gy-gencatlg |
||
| 942 |
_2lcc _cMONOGRAPH |
||
| 999 |
_c120488 _d120488 |
||